| 000 | 07008namaa22004571i 4500 | ||
|---|---|---|---|
| 003 | EG-GICUC | ||
| 005 | 20260429225217.0 | ||
| 008 | 260429s2025 ua a|||frm||| 000 0 eng d | ||
| 040 |
_aEG-GICUC _beng _cEG-GICUC _dEG-GICUC _erda |
||
| 041 | 0 |
_aeng _beng _bara |
|
| 049 | _aDeposit | ||
| 082 | 0 | 4 | _a618.9285882 |
| 092 |
_a618.9285882 _221 |
||
| 097 | _aPh.D | ||
| 099 | _aCai01.11.20.Ph.D.2025.Ay.E | ||
| 100 | 0 |
_aAya Sayed Aly Hassan, _epreparation. |
|
| 245 | 1 | 0 |
_aEffect of ketogenic diet on children with autism / _cby Aya Sayed Aly Hassan ; Supervised Prof. Dr. Dalia Sayed Mosallam, Dr. Christine Georges Salama, Dr. Marwa Ali Ibrahim, Dr. Yasmin Fouad Elnawawy. |
| 246 | 1 | 5 | _aتأثير الحميه الكيتونيه على الاطفال المصابين باضطراب التوحد |
| 264 | 0 | _c2025. | |
| 300 |
_a108 pages : _billustrations ; _c25 cm. + _eCD. |
||
| 336 |
_atext _2rda content |
||
| 337 |
_aUnmediated _2rdamedia |
||
| 338 |
_avolume _2rdacarrier |
||
| 502 | _aThesis (Ph.D)-Cairo University, 2025. | ||
| 504 | _aBibliography: pages 88-105. | ||
| 520 | 3 | _aBackground: Autistic spectrum disorder is a disorder characterized by significant deficits in social communication and interaction in addition to repetitive patterns of behavior or interests. Ketogenic diet is a dietary model that is low in carbohydrates, adequate in protein, and high in fat content and it is suspected to improve symptoms across a range of neuropsychiatric disorders including ASD. Aim: to detect effect of ketogenic diet on children with Autistic spectrum disorder. Methods: This is a randomized controlled clinical trial study including 34 autistic children, 17 children were on ketogenic diet for 3 month compared to 17 children on normal balanced diet for 3 month, recruited from general clinics of Cairo university specialized pediatric hospital, baseline GARS was done at the beginning then 3 month after dietary intervention, anthropometric measures, lab tests, close follow up were done. Results: pre- intervention Guilliam Autistic Rating score (GARS- 3) scores, 5.9% of the children in the ketogenic diet group had mild autism, 41.2% had moderate autism, 52.9% had severe autism while 11.8% of the normal balanced diet group had mild autism, 35.3% had moderate autism, and 55.9% had severe autism. The difference was not statistically significant (P value 0.781). Three months after the intervention, the GARS- 3 scored showed that 5.9% of the ketogenic diet group children had mild autism, 76.5% had moderate autism, and 17.6% had severe autism while 11.8% of the normal balanced diet children had mild autism, 29.4% had moderate autism, and 58.8% had severe autism. The difference between both groups was statistically significant (P value 0.016). Conclusion: ketogenic diet can be beneficial in ASD as it t can improve core symptoms of autism but needs close follow up to avoid any adverse effects. Anthropometric measures and nutritional follow up for all children with ASD. | |
| 520 | 3 | _aاضطراب طيف التوحد عبارة عن حالة ترتبط بنمو الدماغ وتؤثر على كيفية تمييز الشخص للآخرين والتعامل معهم على المستوى الاجتماعي، مما يتسبب في حدوث مشكلات في التفاعل والتواصل الاجتماعي. كما يتضمن الاضطراب أنماط محدودة ومتكررة من السلوك. يُشير مصطلح "الطيف" في عبارة اضطراب طيف التوحد إلى مجموعة كبيرة من الأعراض ومستويات الشدة. يتضمن اضطراب طيف التوحد حالات كانت تعتبر منفصلة في السابق التوحد، ومتلازمة أسبرجر، واضطراب التحطم الطفولي وأحد الأشكال غير المحددة للاضطراب النمائي الشامل. لا زال بعض الأفراد يستخدمون مصطلح "متلازمة أسبرجر"، والتي يعتقد بوجه عام أنها تقع على الطرف المعتدل من اضطراب طيف التوحد. يبدأ اضطراب طيف التوحد في مرحلة الطفولة المبكرة ويتسبب في نهاية المطاف في حدوث مشكلات على مستوى الأداء الاجتماعي , على الصعيد الاجتماعي، في المدرسة والعمل , في حين لا يوجد علاج شافي لاضطراب طيف التوحد، إلا أن العلاج المكثف المبكر قد يؤدي إلى إحداث فارق كبير في حياة العديد من الأطفال. تمت هذه الدراسة في مستشفى الأطفال , كليه الطب جامعه القاهرة, و قد بلغ العدد الإجمالي لعينة الدراسة ٤٣ طفلًا مصابًا باضطراب طيف التوحّد في الفئه العمرية بين ٣- ١٠ سنين و قد تم تشخيص اضطراب طيف التوحّد لدى هؤلاء الأطفال من خلال التقييم السريري الذي أجراه طبيب نفسي للأطفال وتم تأكيد التشخيص باستخدام مقياس تصنيف التوحّد في الطفولة كارس. و قد كشفت الدراسة أنه فيما يتعلق بتغير وزن الأطفال المصابين بالتوحّد قبل وبعد التدخل الغذائي الكيتوني، فإن نسبة التغير في الوزن كانت ذات دلالة إحصائية عالية جدًا. و قد تبين أيضا من خلال هذه الدراسة أن غالبية الأطفال المصابين بالتوحّد الذين اتبعوا الحمية الكيتونية قد تحسّنوا في درجة التوحّد ، حيث كان التغيّر في التقييم بعد التدخل الغذائي (بعد 3 أشهر من الحمية الكيتونية) ذا دلالة إحصائية عالية جدًا , بينما غالبية الذين اتبعوا نظامًا غذائيًا متوازنًا عاديًا ظلّت لديهم درجة التوحّد كما هي. | |
| 530 | _aIssues also as CD. | ||
| 546 | _aText in English and abstract in Arabic & English. | ||
| 650 | 0 | _aAutism in children | |
| 650 | 0 | _aالاطفال المصابين باضطراب التوحد | |
| 653 | 1 |
_aAutistic spectrum disorder _aketogenic diet _aGARS-3 _aDietary intervention |
|
| 700 | 0 |
_aDalia Sayed Mosallam _ethesis advisor. |
|
| 700 | 0 |
_aChristine Georges Salama _ethesis advisor. |
|
| 700 | 0 |
_aMarwa Ali Ibrahim _ethesis advisor. |
|
| 700 | 0 |
_aYasmin Fouad Elnawawy _ethesis advisor. |
|
| 900 |
_b01-01-2025 _cDalia Sayed Mosallam _cChristine Georges Salama _cMarwa Ali Ibrahim _cYasmin Fouad Elnawawy _UCairo University _FFaculty of Medicine _DDepartment of Paediatric Clinical Nutrition |
||
| 905 | _aShimaa | ||
| 942 |
_2ddc _cTH _e21 _n0 |
||
| 999 | _c179841 | ||